|
|
|
|
| LEADER |
00000nam0a2200000 4500 |
| 001 |
238753 |
| 005 |
20231101231629.0 |
| 035 |
|
|
|a (RuTPU)RU\TPU\book\259951
|
| 090 |
|
|
|a 238753
|
| 100 |
|
|
|a 20130530d1952 k y0rusy50 ca
|
| 101 |
1 |
|
|a rus
|c eng
|
| 102 |
|
|
|a RU
|
| 105 |
|
|
|a a z 000zy
|
| 200 |
1 |
|
|a Операционное исчисление на основе двустороннего преобразования Лапласа
|e пер. с англ.
|f Б. ван дер Поль, Х. Бреммер
|g под ред. И. Н. Денисюка
|
| 210 |
|
|
|a Москва
|c Изд-во иностранной литературы
|d 1952
|
| 215 |
|
|
|a 506 с.
|
| 606 |
1 |
|
|a Преобразования Лапласа
|2 stltpush
|3 (RuTPU)RU\TPU\subj\65889
|9 82237
|
| 610 |
1 |
|
|a операционное исчисление
|
| 610 |
1 |
|
|a интеграл Фурье
|
| 610 |
1 |
|
|a операционные изображения
|
| 610 |
1 |
|
|a элементарные правила
|
| 610 |
1 |
|
|a импульсная функция
|
| 610 |
1 |
|
|a теорема Абеля
|
| 610 |
1 |
|
|a теоремы Таубера
|
| 610 |
1 |
|
|a линейные дифференциальные уравнения
|
| 610 |
1 |
|
|a ступенчатые функции
|
| 610 |
1 |
|
|a разрывные функции
|
| 610 |
1 |
|
|a разностные уравнения
|
| 610 |
1 |
|
|a интегральные уравнения
|
| 610 |
1 |
|
|a уравнения с частными производными
|
| 675 |
|
|
|a 517.442
|v 3
|
| 700 |
|
1 |
|a Поль
|b Б. ван дер
|
| 701 |
|
1 |
|a Бреммер
|b Х.
|
| 702 |
|
1 |
|a Денисюк
|b И. Н.
|4 340
|
| 801 |
|
1 |
|a RU
|b 63413507
|c 20130530
|
| 801 |
|
2 |
|a RU
|b 63413507
|c 20131029
|g RCR
|
| 942 |
|
|
|c BK
|